Powiaty ziemskie o 2-literowym wyróżniku na tablicach rejestracyjnych - Statystyki

Ogólne statystyki
  • Ten quiz został rozwiązany 32 razy
  • Średni wynik to 5 z 6
Statystyki odpowiedzi
Województwo Odpowiedź % Poprawnych
Opolskie brzeski (OB)
93%
Opolskie kędzierzyńsko-kozielski (OK)
89%
Wielkopolskie pilski (PP)
86%
Mazowieckie legionowski (WL)
71%
Wielkopolskie poznański (PZ)
71%
Mazowieckie warszawski zachodni (WZ)
50%
Nie znaleziono quizów pasujących do podanych kryteriów
Rozkład punktacji
Procent ludzi z każdym wynikiem
Percentyl według liczby udzielonych odpowiedzi
Twoja historia wyników
Nie rozwiązałeś tego quizu